| 000 | 00859nam a2200241 i 4500 | ||
|---|---|---|---|
| 001 | 000028010 | ||
| 003 | DO-SdBNP | ||
| 005 | 20240122092707.0 | ||
| 006 | a||||gr|||| 00| 0 | ||
| 007 | ta | ||
| 008 | 110406e1991 dr a 000 0 spa d | ||
| 040 |
_aDO-SdBNP _bspa _cBNPHU _erda |
||
| 082 | 1 |
_222 _bI59e |
|
| 110 | 2 |
_aInstituto de Formación Política del Partido Reformista Social Cristiano _955055 |
|
| 245 | 1 | 0 |
_aEstatutos del partido reformista : _bcon las modificaciones aprobadas por la Asamblea Nacional extraordinaria celebrada el día 16 de abril de 1983. |
| 264 |
_aSanto Domingo : _bEdiciones IFP, _c1991. |
||
| 300 |
_a64 páginas ; _bIlustraciones, retrato _c22 cm. |
||
| 336 |
_2rdacontent _atexto _btxt |
||
| 337 |
_2rdamedia _asin mediación _bn |
||
| 338 |
_2rdacarrier _avolumen _bnc |
||
| 590 | _aInventariado 2023 / MF | ||
| 942 |
_2ddc _cLBS1 |
||
| 999 |
_c27502 _d27502 |
||